Titres de chansons de Mylène Farmer - Clic Quiz - Statistiques

Statistiques générales
  • Ce quiz a été pris 176 fois
  • Le résultat moyen est 17 sur 20
Statistiques - réponses
Hint Réponse % Correct
Pourvu qu'elles soient Douces
99%
Sans Contrefaçon
98%
Dessine-moi un Mouton
97%
Rallumer les Etoiles
96%
Oui mais... Non
95%
A quoi je Sers
95%
C'est une belle Journée
93%
C'est dans L'air
93%
Comme j'ai Mal
90%
Je te rends ton Amour
88%
Maman a Tort
85%
Que mon cœur Lâche
84%
Ainsi soit Je
83%
Appelle mon Numéro
83%
L'instant X
79%
Crier la Vie
77%
L'âme dans L'eau
71%
Plus Grandir
68%
Lonely Lisa
61%
Je t'aime Mélancolie
59%
Aucun quiz correspondant
Distribution des résultats
% des personnes avec chaque résultat
Percentile par nombre de réponses
Votre historique - résultats
Vous n’avez pas pris ce quiz